A Tibtan - English Dictionary with Sanskrit Synonyms ./ (Record no. 112360)
[ view plain ]
| 000 -LEADER | |
|---|---|
| fixed length control field | 00513nam a22001697a 4500 |
| 003 - CONTROL NUMBER IDENTIFIER | |
| control field | BD-ChCU |
| 005 - DATE AND TIME OF LATEST TRANSACTION | |
| control field | 20260423085845.0 |
| 008 - FIXED-LENGTH DATA ELEMENTS--GENERAL INFORMATION | |
| fixed length control field | 260423b bg ||||| |||| 00| 0 ben d |
| 040 ## - CATALOGING SOURCE | |
| Transcribing agency | BD-ChCU |
| 082 ## - DEWEY DECIMAL CLASSIFICATION NUMBER | |
| Classification number | REF 495.432 TIB |
| 100 ## - MAIN ENTRY--PERSONAL NAME | |
| Personal name | Sarat chandra Das . |
| 9 (RLIN) | 21796 |
| 245 ## - TITLE STATEMENT | |
| Title | A Tibtan - English Dictionary with Sanskrit Synonyms ./ |
| Statement of responsibility, etc. | Chandra Das Sarat . |
| 260 ## - PUBLICATION, DISTRIBUTION, ETC. | |
| Place of publication, distribution, etc. | Delhi : |
| Name of publisher, distributor, etc. | Motilal Banarsidass , |
| Date of publication, distribution, etc. | C 1976 |
| 300 ## - PHYSICAL DESCRIPTION | |
| Extent | xxxiv , 1353p. |
| 650 #0 - SUBJECT ADDED ENTRY--TOPICAL TERM | |
| Topical term or geographic name entry element | Tibetan - Dictionaries . |
| 9 (RLIN) | 21797 |
| 942 ## - ADDED ENTRY ELEMENTS (KOHA) | |
| Source of classification or shelving scheme | Dewey Decimal Classification |
| Koha item type | Books |
| Suppress in OPAC | No |
| Withdrawn status | Lost status | Source of classification or shelving scheme | Damaged status | Not for loan | Home library | Current library | Shelving location | Date acquired | Source of acquisition | Total Checkouts | Full call number | Barcode | Date last seen | Copy number | Price effective from | Koha item type |
|---|---|---|---|---|---|---|---|---|---|---|---|---|---|---|---|---|
| Dewey Decimal Classification | Chittagong University Library | Chittagong University Library | Reference | 04/23/2026 | Purchase | REF 495.432 TIB | 23950 | 04/23/2026 | C-1 | 04/23/2026 | Books |